Countries Least Similar To Philippines - Statistics

General Stats
  • This quiz has been taken 63 times
  • The average score is 11 of 20
Answer Stats
Rank Country Score % Correct
8 United Kingdom 48.9
84%
9 Canada 49.0
78%
1 Finland 46.5
75%
1 Iceland 46.5
73%
5 Norway 47.4
73%
1 Sweden 46.5
73%
7 Denmark 48.7
71%
6 Australia 48.3
67%
4 Switzerland 46.8
67%
14 Germany 49.2
65%
15 New Zealand 49.3
55%
17 Saudi Arabia 50.2
55%
9 Luxembourg 49.0
49%
9 Netherlands 49.0
47%
20 Austria 50.4
41%
13 Kuwait 49.1
37%
17 Israel 50.2
35%
9 Qatar 49.0
33%
17 Bahrain 50.2
31%
16 Somalia 50.1
24%
No matching quizzes found
Score Distribution
Percent of People with Each Score
Percentile by Number Answered
Your Score History
You have not taken this quiz